The Yellow God: An Idol of Africa

Podrobná bibliografie
Hlavní autor: H. R. Haggard
Shrnutí:Книга находится в премиум-версии платформы «Русский как иностранный».
The hero of the story is Alan Vernon, a young retired army major, who, after undergoing financial ruin, decides to travel to Africa to make his fortune, in hopes of eventually winning the hand of beautiful Barbara Champers-Haswell. Vernon has heard of a mysterious kingdom ruled by the priestess and plans to help himself to the gold found there.
Vydáno: Москва, T8RUGRAM, 2018
Témata:
On-line přístup:Перейти к просмотру издания
Médium: Elektronický zdroj

MARC

LEADER 00000 a2200000 4500
001 RU/ROS-EDU.RU/84969
856 4 |u https://www.ros-edu.ru/book?id=84969  |z Перейти к просмотру издания 
010 |a 978-5-521-06620-9 
100 |a 20180101d2018 |||y0rusy0250  
105 |a y z 000zy 
101 0 |a rus 
102 |a RU 
200 1 |a The Yellow God: An Idol of Africa  |b Электронный ресурс  |f H. R. Haggard 
700 1 |b H. R.  |a Haggard  |4 070 
330 |a The hero of the story is Alan Vernon, a young retired army major, who, after undergoing financial ruin, decides to travel to Africa to make his fortune, in hopes of eventually winning the hand of beautiful Barbara Champers-Haswell. Vernon has heard of a mysterious kingdom ruled by the priestess and plans to help himself to the gold found there. 
210 |a Москва  |c T8RUGRAM  |d 2018 
610 1 |a художественная литература 
610 1 |a английский язык 
610 1 |a зарубежная проза 
610 1 |a классика 
610 1 |a роман 
675 |a 82 
686 |a 84  |2 rubbk 
300 |a Книга находится в премиум-версии платформы «Русский как иностранный». 
215 |a 325 с.